LEADER 00903nam a2200217 i 4500 001 000000156182 003 CaOOAMICUS 005 20061129000000.0 008 061129s1965 it u000 u ita u 013 $a133537 040 $aSeMil$bita 245 10$aOrazio Gentileschi /$c[Marco Rosci]. 260 $aMilano :$bFabbri,$ccopyr. 1965. 300 $a[8] p., 16 p. di tav. riccamente ill. ;$c36 cm. 490 0 $aI maestri del colore : la più grande collana d'arte del mondo ;$v83 700 1 $aRosci, Marco.$0(OLS)http://semarc/name/46331 830 2$aI maestri del colore : la più grande collana d'arte del mondo ;$v83.$0(OLS)http://semarc/title/2091 850 $aSeMil 852 $aSeMil$W1$xVenegono$y1$m5G XII 9/83$j107984$B107984$CSeMilBibl$Z2$F117613 $81 996 $6245$aOrazio Gentileschi$9(OLS)http://semarc/title/228905 996 $6260$aMilano :$bFabbri$9(OLS)http://semarc/publisher/30054 LEADER 00896nam a2200229 i 4500 001 000000032279 003 CaOOAMICUS 005 20250710084758.0 008 180830s19701974it u000 u ita u 040 $aSeMil$bita 100 1 $aLynd, Robert S.$0(OLS)http://semarc/name/14920 245 10$aMiddletown /$cRobert S. Lynd, Helen Merrell Lynd ; introduzione di Luciano Cavalli. 260 $aMilano :$bEdizioni di Comunità,$c1970-1974. 300 $a2 v. ;$c25 cm. 700 1 $aCavalli, Luciano.$0(OLS)http://semarc/name/14922 700 1 $aMerrell Lynd, Helen.$0(OLS)http://semarc/name/14921 774 0 $tVol. 1.$w()47127 774 0 $tVol. 2.$w()243989 830 0$aClassici della sociologia.$0(OLS)http://semarc/title/454769 996 $6245$aMiddletown$9(OLS)http://semarc/title/43805 996 $6260$aMilano :$bEdizioni di Comunità$9(OLS)http://semarc/publisher/31458 LEADER 01050nam a2200229 i 4500 001 000000043492 003 CaOOAMICUS 005 20090818000000.0 008 090818s1970 fr u000 u fre u 013 $a14662 040 $aSeMil$bita 245 10$aLes deux visages de la théologie de la sécularisation :$banalyse critique de la théologie de la sécularisation. 260 $a[Paris] :$bCasterman,$c1970. 300 $a268 p. ;$c21 cm. 490 0 $aL'actualité religieuse ;$v29 650 4$aTeologia della secolarizzazione.$0(OLS)http://semarc/subject/9294 650 4$aSecolarizzazione.$0(OLS)http://semarc/subject/8660 830 2$aL'actualité religieuse ;$v29.$0(OLS)http://semarc/title/2909 850 $aSeMil 852 $aSeMil$W1$xVenegono$y1$m2B II 318$j9647$B9647$CSeMilBibl$Z2$F9647 $81 996 $6245$aLes deux visages de la théologie de la sécularisation :$banalyse critique de la théologie de la sécularisation$9(OLS)http://semarc/title/63932 996 $6260$a[Paris] :$bCasterman$9(OLS)http://semarc/publisher/35716